| 000 | 01085nam a22002177a 4500 | ||
|---|---|---|---|
| 003 | BUBTL | ||
| 008 | 230107b ||||| |||| 00| 0 eng d | ||
| 020 | _a9789848143674 | ||
| 082 | _a954.92/ K1277s/ 2021 | ||
| 100 |
_95144 _aকামাল, মোহাম্মদ নাছিমুল |
||
| 245 |
_aশেখ মুজিবুর রহমান থেকে জাতির পিতা / _cমোহাম্মদ নাছিমুল কামাল |
||
| 250 | _a1st Edn | ||
| 260 |
_aঢাকা: _bপালক পাবলিশার্স, _cc2021 |
||
| 300 |
_a56 p.: _bills.: _c22.5 cm |
||
| 505 | _aশেখ মুজিবুর রহমান থেকে জাতির পিতা, শেখ মুজিবুর রহমান, জাতির পিতা, মোহাম্মদ নাছিমুল কামাল, বঙ্গবন্ধু, Bangabandhu | ||
| 650 | 0 |
_93574 _aবঙ্গবন্ধু |
|
| 650 | 0 |
_94372 _aBangabandhu |
|
| 856 |
_k0 _l0 _yDownload |
||
| 942 |
_2ddc _cBK |
||
| 999 |
_c6902 _d6902 |
||